=LDR 00000nam 2200000 4500 =001 INLIS000000000028612 =005 20130612130913 =008 ***********************************Ind** =035 ##$$a0010-061300000028612 =041 ##$$a Ind =082 ##$$a 657 =090 ##$$a 657, Dun i =100 ##$$a Dunia, Firdaus A =245 ##$$a Ikhtisar lengkap pengantar akuntansi, Firdaus A Dunia =260 ##$$a 2005 $b Jakarta =300 ##$$a x, 331 hlm, ilus, 26 cm =650 ##$$a Akuntansi =850 ##$$a NBPNMAT =990 ##$$a 21400490/BPAP-NTB/2014 =990 ##$$a 30709128